书目信息 |
| 题名: |
因材施教的策略
|
|
| 作者: | 张晓峰, , 李英丽 编著 | |
| 分册: | ||
| 出版信息: | 合肥 安徽人民出版社 2012 |
|
| 页数: | 214页 | |
| 开本: | 23cm | |
| 丛书名: | 最新学校与教育系列丛书 | |
| 单 册: | ||
| 中图分类: | G422 | |
| 科图分类: | ||
| 主题词: | 因材施教--yin cai shi jiao--教学研究 | |
| 电子资源: | ||
| ISBN: | 978-7-212-04997-3 | |
| 000 | 00953nam 2200277 450 | |
| 001 | 012001000979 | |
| 005 | 20131025152415.0 | |
| 010 | @a978-7-212-04997-3@dCNY27.50 | |
| 099 | @aCAL 012012269061 | |
| 100 | @a20121025d2012 em y0chiy50 ea | |
| 101 | 0 | @achi |
| 102 | @aCN@b340000 | |
| 105 | @ay z 000yy | |
| 106 | @ar | |
| 200 | 1 | @a因材施教的策略@Ayin cai shi jiao de ce lue@f张晓峰, 李英丽编著 |
| 210 | @a合肥@c安徽人民出版社@d2012 | |
| 215 | @a214页@d23cm | |
| 225 | 2 | @a最新学校与教育系列丛书@Azui xin xue xiao yu jiao yu xi lie cong shu |
| 330 | @a本书从理论和实践两个层面对因材施教的原则和观点进行了阐释, 提供了大量具体而富有可操作性的策略和方法。 | |
| 410 | 0 | @12001@a最新学校与教育系列丛书 |
| 606 | 0 | @a因材施教@Ayin cai shi jiao@x教学研究 |
| 690 | @aG422@v5 | |
| 701 | 0 | @a张晓峰,@Azhang xiao feng@f1955-@4编著 |
| 701 | 0 | @a李英丽@Ali ying li@4编著 |
| 801 | 0 | @aCN@b江苏凤凰@c20191020 |
| 905 | @b1222077-80@dG422@e432@f4 | |
| 因材施教的策略/张晓峰, 李英丽编著.-合肥:安徽人民出版社,2012 |
| 214页;23cm.-(最新学校与教育系列丛书) |
| ISBN 978-7-212-04997-3:CNY27.50 |
| 本书从理论和实践两个层面对因材施教的原则和观点进行了阐释, 提供了大量具体而富有可操作性的策略和方法。 |
| ● |
| 相关链接 |
|
|
|
|
正题名:因材施教的策略
索取号:G422/432
 
预约/预借
| 序号 | 登录号 | 条形码 | 馆藏地/架位号 | 状态 | 备注 |
| 1 | 1222077 | 212220773 | 第一样本阅览室/ [索取号:G422/432] | 在馆 | |
| 2 | 1222078 | 212220782 | 教育系资料室/ [索取号:G422/432] | 在馆 | |
| 3 | 1222079 | 212220791 | 教育系资料室/ [索取号:G422/432] | 在馆 | |
| 4 | 1222080 | 212220808 | 第四借阅区/ [索取号:G422/432] | 在馆 |